000 00307nam a2200133 i 4500
001 bg
100 1 _aWOŁEK, Mieczysław
245 0 _aZbiór zadań... /
_cMieczysław Wołek.
260 _aKatowice,
_c1979.
040 _cBPK
041 _apol
942 _cKS
008 s pl f |000 0 pol
999 _c18399
_d18399
856 _uhttp://koha.tu.koszalin.pl/cgi-bin/koha/opac-detail.pl?biblionumber=18399
_yKatalog online BPK